Jet Lag: The Game Winners - Statistics

General Stats
  • This quiz has been taken 45 times
    6 since last reset
  • The average score is 15 of 17
Answer Stats
Question Answer % Correct
SnaKe Adam
100%
Circumnavigation Adam & Ben
100%
Capture the Flag Across Japan Adam & Ben
100%
Tag: All Stars Adam & Michelle
100%
Connect 4 Across America Sam & Brian
100%
Arctic Escape Sam & Michelle
100%
Race to the End of the World Sam & Toby
100%
AU$TRALIA Sam & Toby
100%
Tag Eur It Adam
83%
Hide + Seek UK Adam
83%
Schengen Showdown Adam & Ben
83%
Hide + Seek: Japan Ben
83%
Hide + Seek NYC Ben & Sam
83%
Tag Eur It 3 Sam
83%
Hide + Seek Adam
67%
Battle 4 America Adam & Ben
67%
Tag Eur It 2 Ben
67%
No matching quizzes found
Score Distribution
Percent of People with Each Score
Percentile by Number Answered
Your Score History
You have not taken this quiz since the last reset